000 00328nam a2200109Ia 4500
008 171204s9999 xx 000 0 und d
245 _aARDUINO. Microcontrolers, Programming, Libraries, and Shields:
245 _cL. Marvin
260 _c2016
650 _xProgramming 1-2
856 _uhttp://down.ebook777.com/051/B01N2Y0VEO.pdf
999 _c345953
_d345953